| 000 | 01121nam a2200277Ia 4500 | ||
|---|---|---|---|
| 003 | OSt | ||
| 005 | 20220923211339.0 | ||
| 006 | a|||||r|||| 00| 0 | ||
| 007 | ta | ||
| 008 | 220922b |||||||| |||| 00| 0 san d | ||
| 020 |
_a9788183153942 (hbk) _c2000 |
||
| 024 | _a354,162 | ||
| 037 |
_b173/1, 29/12/2021, Vidyanidhi Prakashan _cTextual |
||
| 040 |
_aARTS _cARTS _bsan |
||
| 041 |
_2san _asan |
||
| 082 | _aO15,1N49,SM, 152R0 | ||
| 100 |
_aत्रिपाठी, राधावल्लभ, ले. _9160278 |
||
| 245 | 0 | _aसौभाग्यनूपुरं महाकाव्यम् | |
| 246 | _aSaubhāgyanūpuran hinākāvyam | ||
| 260 |
_aदिल्ली _b न्यू भारतीय बुक कॉर्पोरेशन _c2020 |
||
| 300 |
_a694पृ0 _ccm. |
||
| 650 | _a संस्कृत साहित्य | ||
| 650 |
_aसंस्कृत कविता _9156350 |
||
| 942 |
_hO15,1N49,SM, 152R0 _cTEXL _2CC |
||
| 999 |
_c298673 _d298673 |
||